000 00351nmm a2200133 a 4500
003 AR-BaBNM
005 20251128204704.0
008 011101s1986 ||||||||||||||000 | spa||
040 _cAR-BaBNM
100 1 _aCukier, Zulema
245 1 0 _aNueva guía metodológica
_bsugerencias para la planificación
260 _aBuenos Aires
_bAique
_c1986
942 _cBK
999 _c8428
_d8428